00805cam a2200217 a 450000100100000000500170001000800410002704000250006808200190009310000410011224500550015326000330020830000270024149000330026850000410030165000420034265000270038483000390041195201220045099900150057200000164020200929145639.0750404s1965 fr a 001 0 fre  aDO-SdBNPbspacBNPHU a843.7bM989ó1 aMusset, Alfred de,d1810-1857.9535710aOn ne badine pas avec l'amour /cAlfred de Musset. aParís :bLaroussel,c1965. a127p. :bil. ;c17 cm.1 aNouveaux Classiques Larousse aIncluye lista de clásico Larousse. 4aProverbios y refranes franceses95358 4aTeatro francés95359 0aNouveaux Classiques Larousse95360 001052708MOaGRbGRcCTd2009-09-16iLF1l0o843.7 M989óp1640-10r2020-06-25w2020-06-25y2ZPréstamo interno c1528d1528